| 000 | 00397cam a22001337a 4500 | ||
|---|---|---|---|
| 008 | 180718b1996 xxu||||| |||| 00| 0 eng d | ||
| 082 | _aO91x54 Sw22 | ||
| 100 | _aSwaminathan, M.S. | ||
| 245 |
_aSustainable agriculture: towards food security _cby M.S. Swaminathan |
||
| 260 |
_aDelhi _bKonark _c1996 |
||
| 300 | _a259p. | ||
| 650 | _aSustainable agriculture - India | ||
| 650 | _aAgriculture - India | ||
| 999 |
_c380319 _d380319 |
||